DICTADURAS Y DICTADORES/

Furkejuvvon:
Bibliográfalaš dieđut
Eará dahkkit: Rouquié, Alain (autor) (autor)
Materiálatiipa: Girji
Fáttát:
Fáddágilkorat: Lasit fáddágilkoriid
Eai fáddágilkorat, Lasit vuosttaš fáddágilkora!

MARC

LEADER 00000nam^a2200000^a^4500
001 000224087
005 20250521000000.0
009 20260310104037.899
020 |a 968-23-1348-1 
035 |a 042988 
037 |a Acervo Xavier Clavigero 
082 |a 321. 9  |b DIC 
245 1 0 |a DICTADURAS Y DICTADORES/  |c ALAIN ROUQUIE ...[ ET. AL.] 
264 |a MEXICO :  |b SIGLO XXI,  |c 1986 
300 |a 239p. 
336 |a texto  |b txt  |2 rdacontenido 
337 |a sin mediación  |b n  |2 rdamedio 
338 |a volumen  |b nc  |2 rdasoporte 
649 |a XX 
650 |a Totalitarismo 
650 |a Dictadura 
700 |a Rouquié, Alain  |e (autor) 
910 |a Fondo General 
920 |a Impresos - Libros 
930 |a Colección General 
905 |a 101 
901 |a 042988  |b IT1  |c ACC  |i 042988  |u 20250521 
902 |a https://opac.biblio.iteso.mx/vufind/Record/000224087